UK Towns Quiz - Midlothian - Scotland - Statistics

General Stats
  • This quiz has been taken 32 times
  • The average score is 8 of 15
Answer Stats
Clue Town Population % Correct
D Dalkeith 15,146
93%
E Edinburgh 493,736
89%
P Penicuik 16,409
89%
B Bonnyrigg 18,094
86%
R Roslin 2,016
68%
M Mayfield 14,276
61%
G Gorebridge 8,905
57%
L Loanhead 6,995
57%
R Rosewell 2,277
57%
B Bilston 1,947
29%
D Danderhall 3,385
29%
K Kirkliston 5,604
18%
R Ratho 2,278
14%
S South Queensferry 10,216
14%
N Newbridge 1,042
11%
No matching quizzes found
Score Distribution
Percent of People with Each Score
Percentile by Number Answered
Your Score History
You have not taken this quiz